20 figures d'actu 2 - Statistiques

Statistiques générales
  • Ce quiz a été pris 4 fois
  • Le résultat moyen est 6 sur 20
Statistiques - réponses
Par images Réponse % Correct
Christine Lagarde
75%
Delcy Rodriguez
75%
Sophie Adenot
75%
Cécile Kohler
50%
Itamar Ben Gvir
50%
Marjorie Taylor Greene
50%
Matthieu Pigasse
50%
Anne Claire Legendre
25%
Christophe Leribault
25%
David Amiel
25%
Flávio Bolsonaro
25%
Jared Kushner
25%
Joseph Aoun
25%
Asif Ali Zardari
0%
Céline Pigalle
0%
Heike Hempel
0%
Kim Younes
0%
Larry Page
0%
Martin Ajdari
0%
Naïm Qassem
0%
Aucun quiz correspondant
Distribution des résultats
% des personnes avec chaque résultat
Percentile par nombre de réponses
Votre historique - résultats
Vous n’avez pas pris ce quiz